000 00893cam a2200313 i 4500
001 768714001
003 CO-MdFUSB
005 20250529150505.0
007 ta
008 250529t1978 -sp||||| |||| 00| 0 spa d
020 _a84-7228-415-8
040 _cCO-MdFUSB
041 0 _aspa
082 0 4 _223
_a248.5
_bW7211t
100 1 _aOtis, George
_eautor
245 1 0 _aTerror en Tenerife
_c/ George Otis ; traducido por Nancy S. de Fernández
264 1 _aTerrassa, Barcelona, España :
_bClie,
_c[1978]
264 4 _c©1978
300 _a166 páginas
336 _atexto
_btxt
_2rdacontent
337 _2rdamedia
_asin mediación
_bn
338 _2rdacarrier
_avolumen
_bnc
500 _aTítulo original : Terror at Tenerife
563 _aRústico
650 0 _aVida cristiana
_919
700 _aFernández, Nancy S. de,
_911160
_etraductor
942 _cBK
945 _aMiguel Gómez
999 _c36115
_d36115